| 000 | 00686nam a2200205Ii 4500 | ||
|---|---|---|---|
| 003 | JO-AjNU | ||
| 008 | 230605s9999||||xx |||||||||||||| ||und|| | ||
| 040 |
_aJO-AjNU _bara _erda _cJO-AjNU |
||
| 041 | _aara | ||
| 050 | 1 | 4 | _aBJ1291.N54.2007 |
| 100 | 3 |
_aالنجادي،فاضل, _eauthor _914962 |
|
| 245 | 0 | 0 | _aآداب التحية في الإسلام |
| 250 | _aط1 | ||
| 264 | 3 | 1 | _aبيروت-عمان:دار البشير ، مؤسسة الرسالة للطباعة والنشر والتوزيع،2007 |
| 300 | _a96ص | ||
| 336 |
_atext _btxt _2rdacontent |
||
| 337 |
_aunmediated _bn _2rdamedia |
||
| 338 |
_avolume _bnc _2rdacarrier |
||
| 650 | 4 |
_aاخلاق اسلامية _914963 |
|
| 999 |
_aA4115 _c7683 _d7683 |
||